| 000 | 01577nam a2200253 a 4500 | ||
|---|---|---|---|
| 008 | 170426s2003 ||||||||||||||||| || u | ||
| 020 | _a9780855984694 | ||
| 050 | _aRA 643.8 Hol | ||
| 100 | _aHolden, Sue | ||
| 245 | 1 | 0 |
_aAids on the agenda: adapting development and humanitarian programmes to meet the challenge of HIV/AIDS _cBy Sue Holden |
| 260 |
_aUnited Kingdom: _bOxfarm Publications _c2003 |
||
| 300 | _axx, 380p.: ill. | ||
| 350 | _a23.95 | ||
| 650 | _aACQUIRED IMMUNODEFICIENCY SYNDROME | ||
| 650 | _aAIDS (DISEASE) | ||
| 650 | _aALTRUISM | ||
| 650 | _aHIV INFECTIONS | ||
| 650 | _aECONOMIC DEVELOPMENT PROJECT--SOCIAL ASPECTS | ||
| 995 |
_aMICHAEL CHILUFYA SATA OPEN ACCESS _e903878 _FCBU-SCHOOL OF MEDICINE LIBRARY (Ndola) _jRA 643.8 Hol _M5 _UAVAILABLE _WApr 27, 2017 _y903878 _ZMedical Library Open Access Collection |
||
| 995 |
_aMICHAEL CHILUFYA SATA OPEN ACCESS _e903881 _FCBU-SCHOOL OF MEDICINE LIBRARY (Ndola) _I23.95 _jRA 643.8 Hol _M1 _UAVAILABLE _WApr 26, 2017 _y903881 _ZMedical Library Open Access Collection |
||
| 995 |
_aMICHAEL CHILUFYA SATA OPEN ACCESS _e 903880 _FCBU-SCHOOL OF MEDICINE LIBRARY (Ndola) _jRA 643.8 Hol _M3 _UAVAILABLE _WApr 27, 2017 _y903880 _ZMedical Library Open Access Collection |
||
| 995 |
_aMEDICAL LIBRARY OPEN ACCESS _e903879 _FCBU-SCHOOL OF MEDICINE LIBRARY (Ndola) _jRA 643.8 Hol _M4 _UAVAILABLE _WApr 27, 2017 _y903879 _ZMedical Library Open Access Collection |
||
| 995 |
_aMEDICAL LIBRARY OPEN ACCESS _e903877 _FCBU-SCHOOL OF MEDICINE LIBRARY (Ndola) _jRA 643.8 Hol _M2 _UAVAILABLE _WApr 27, 2017 _y903877 _ZMedical Library Open Access Collection |
||
| 999 |
_c63661 _d63661 |
||